[Event "XXXI Torre Memorial 2019"]
[Site "Merida"]
[Date "2019.12.16"]
[Round "6.10"]
[White "Rodriguez Vila, Andres"]
[Black "Elias Reyes, Jorge Roberto"]
[Result "1/2-1/2"]
[WhiteElo "2463"]
[BlackElo "2379"]
[Annotator "TA"]
[PlyCount "66"]
[EventDate "2019.12.13"]
[EventType "swiss"]
[EventCountry "MEX"]
[SourceTitle "playchess.com"]
[Source "ChessBase"]
[SourceQuality "1"]

{[%evp 9,66,0,14,14,14,14,13,15,30,0,34,0,15,6,43,37,54,0,0,10,43,46,31,16,81,18,87,79,85,12,1,20,13,-12,-14,-14,-7,-12,0,0,0,-92,-97,-120,-105,-106,-4,-4,-4,-5,8,8,8,0,0,0,288,0,0]} 1. d4 Nf6 2. Nc3 d5 3. Bf4 a6 4. e3 e6 5. g4 c5 6. g5 {D00: 1 d4 d5: Unusual lines} Nfd7 7. Nf3 Qb6 $146 ({Predecessor:} 7... Nc6 8. a3 b5 9. h4 Bb7 10. h5 Nb6 11. Ne5 Nxe5 12. Bxe5 {1-0 (26) Carlsen,M (2832)-Caruana,F (2808) Stavanger 2017}) 8. a3 Nc6 9. Be2 Be7 10. Kf1 cxd4 11. exd4 Qd8 12. h4 Nb6 13. b3 (13. Bd3 $14) 13... Bd6 $11 14. Qd2 Qc7 15. Bxd6 Qxd6 16. Nd1 O-O (16... Nd7 $11 {keeps the balance.}) 17. Ne3 (17. c4 $16) 17... e5 (17... f6 $11) 18. dxe5 $16 Nxe5 19. Qd4 ({White should try} 19. Rd1 $16) 19... f6 $11 20. Rd1 Be6 21. c4 Nxf3 22. Bxf3 {Threatens to win with c5.} fxg5 23. c5 Qf4 24. Qxf4 Rxf4 25. Bg2 (25. Be2 $1 $11 Nd7 26. Nxd5 Rxh4 27. Rxh4 gxh4 28. Nc7 Bh3+ 29. Kg1) 25... d4 $17 26. Nc2 Bxb3 27. Rxd4 Bxc2 (27... Na4 $1 $17 28. hxg5 Rxd4 29. Nxd4 Bc4+ 30. Kg1 Nxc5) 28. Rxf4 $11 gxf4 29. cxb6 $17 {KRB-KRB} Bd3+ 30. Kg1 $1 Rd8 31. Bxb7 Rd6 32. Rh3 {Hoping for Bg2.} Bb5 $2 {[%mdl 8192] [#]} (32... Bc4 $11) 33. Rf3 $2 (33. Bd5+ $1 $18 {[%mdl 512]} Rxd5 34. b7 Rd1+ 35. Kh2 Rh1+ {[%mdl 64] Decoy} 36. Kxh1 Bc6+ 37. Kh2 Bxb7 38. Rb3) 33... Rxb6 {Accuracy: White = 38%, Black = 45%.} 1/2-1/2

[Event "XXXI Torre Memorial 2019"]
[Site "Merida"]
[Date "2019.12.16"]
[Round "6.11"]
[White "Lopez Gonzalez, Abel Fabian"]
[Black "Fernandez De La Vara, Arnaldo"]
[Result "0-1"]
[WhiteElo "2379"]
[BlackElo "2463"]
[Annotator "TA"]
[PlyCount "50"]
[EventDate "2019.12.13"]
[EventType "swiss"]
[EventCountry "MEX"]
[SourceTitle "playchess.com"]
[Source "ChessBase"]
[SourceQuality "1"]

{[%evp 14,50,1,-8,7,0,3,1,16,0,18,11,13,6,0,0,0,0,6,43,39,0,0,0,0,0,0,-21,-7,-68,-70,-73,-78,-265,-303,-1124,-1116,-1097,-1096]} 1. d4 Nf6 2. c4 e6 3. Nc3 Bb4 4. Qc2 O-O 5. a3 Bxc3+ 6. Qxc3 b6 7. Bg5 h6 8. Bh4 d5 {E32: Nimzo-Indian: Classical (4 Qc2): 4...0-0} 9. cxd5 exd5 10. e3 c5 $146 {The position is equal.} ({Predecessor:} 10... g5 11. Bg3 c5 12. Bd3 cxd4 13. Qxd4 Nc6 14. Qa4 Bd7 15. Bb5 Ne4 16. Bxc6 {½-½ (52) Migot,T (2399)-Le Roux,J (2572) Sautron 2015}) 11. Bd3 Ba6 12. dxc5 d4 13. exd4 {next 0-0-0 is good for White.} g5 {...Re8+ is the strong threat.} 14. Bxa6 Nxa6 {[%cal Bb8a6,Ba6c5,Bc5d3][%mdl 32]} 15. Bg3 {Strongly threatening Qc4.} bxc5 {[%cal Bb6c5,Bc5c4,Bc4d3][%mdl 32]} 16. O-O-O Rc8 {aiming for ...cxd4.} 17. d5 c4 18. Ne2 Nc5 $36 {[%mdl 2048] Black is pushing.} 19. Kb1 Nd3 20. d6 Qb6 {And now ...Ne4! would win.} 21. Rxd3 ({Avoid the trap} 21. Qxf6 $2 c3 $19) ({White should try} 21. f3 $11 Nd5 22. Qd4) 21... Ne4 $15 {[%mdl 64] Double Attack} 22. Qd4 cxd3 23. Qxe4 $2 {[#]} (23. Qxd3 $17 Nxf2 24. Bxf2 Qxf2 25. Rd1) 23... Rc2 $1 $19 {[%csl Gc2][%cal Rb6b2][%mdl 512]} 24. b4 $2 (24. Qd4 Rxe2 25. Qxb6 axb6 26. Rd1) 24... Qa6 25. Nd4 {[#]} Qc4 $1 {[%mdl 512] Accuracy: White = 33%, Black = 57%.} 0-1

[Event "XXXI Torre Memorial 2019"]
[Site "Merida"]
[Date "2019.12.16"]
[Round "6.12"]
[White "Martin Del Campo C., Roberto"]
[Black "Diaz Perez, Michel Alejandro"]
[Result "0-1"]
[WhiteElo "2314"]
[BlackElo "2455"]
[Annotator "TA"]
[PlyCount "68"]
[EventDate "2019.12.13"]
[EventType "swiss"]
[EventCountry "MEX"]
[SourceTitle "playchess.com"]
[Source "ChessBase"]
[SourceQuality "1"]

{[%evp 27,116,13,12,0,-4,-13,-20,-14,14,14,12,15,13,-20,-18,-28,0,-64,-47,-181,-158,-184,-179,-153,-143,-135,-84,-149,-163,-183,0,-140,-137,-160,-99,-400,-425,-433,-442,-450,-409,-442,-312,-434,-421,-625,-604,-620,-610,-564,-594,-590,-465,-447,-432,-618,-621,-612,-571,-599,-599,-529,-525,-588,-718,-696,-702,-610,-544,-544,-537,-529,-529,-529,-529,-783,-766,-748,-522,-575,-544,-538,-502,-520,-501,-738,-742,-666,-652,-633,-629]} 1. e4 e5 2. Nf3 Nc6 3. Bb5 a6 4. Ba4 Nf6 5. O-O Be7 6. Re1 b5 7. Bb3 d6 8. c3 O-O 9. d3 Na5 10. Bc2 c5 11. Nbd2 Re8 12. Nf1 h6 13. h3 Bf8 14. Ng3 Bb7 15. Nh2 {C92: Closed Ruy Lopez: 9...Be6, Karpov and Flohr-Zaitsev Variations} (15. d4 cxd4 16. cxd4 d5 17. Nxe5 dxe4 18. Bf4 Rc8 19. a3 Qd5 20. Nf5 Red8 21. b4 Nc4 22. Bb3 Qe6 23. Ne3 Nd5 24. Bg3 Ndxe3 25. Rxe3 {0-1 (55) Liang,A (2554)-Robson,R (2644) Saint Louis 2017}) 15... d5 16. Ng4 Nxg4 17. Qxg4 {The position is equal.} Re6 18. Nf5 Rg6 19. Qf3 Qd7 $146 ({Predecessor:} 19... dxe4 20. dxe4 Nc4 21. h4 Nd6 22. h5 Rf6 {½-½ (52) Thierry,R (2294)-Ootes,L (2178) ICCF email 2009}) 20. a3 Rd8 21. b4 Nc6 22. Rb1 ({White should try} 22. exd5 $11 Nxb4 23. cxb4 (23. axb4 Bxd5 24. Re4 cxb4 $11) 23... Bxd5 24. Re4) 22... Rc8 $15 23. exd5 (23. bxc5 $15 dxe4 24. dxe4) 23... Nxb4 $19 24. axb4 {c4 is the strong threat.} Bxd5 25. Re4 {[#]} cxb4 $1 26. Bb3 Bxe4 (26... Rxc3 $142 27. Bxd5 Qxd5) 27. dxe4 (27. Qxe4 $142 Rxc3 28. Bd5) 27... Rxc3 $17 28. Be3 Bc5 $2 ({Black should play} 28... a5 $19 29. Bd5 a4) 29. Rd1 (29. Qh5 $11 {was the only way to keep the balance.} Kh8 30. Bxh6 Bxf2+ 31. Kh1 gxh6 32. Nxh6 Rxb3 33. Rxb3) 29... Qc7 30. Bd5 Bxe3 (30... Kh7 $142 31. Kh2 a5) 31. fxe3 $2 {[%mdl 8192]} (31. Nxe3 $17 Rf6 32. Qe2) 31... Kh7 $19 32. Kh2 Rc2 33. Rg1 a5 34. Qd1 Rf2 {Played: Rc2-b2} 0-1

[Event "XXXI Torre Memorial 2019"]
[Site "Merida"]
[Date "2019.12.16"]
[Round "6.13"]
[White "Noboa Silva, Kevin"]
[Black "Quesada Perez, Yasser"]
[Result "1/2-1/2"]
[WhiteElo "2306"]
[BlackElo "2582"]
[Annotator "TA"]
[PlyCount "116"]
[EventDate "2019.12.13"]
[EventType "swiss"]
[EventCountry "MEX"]
[SourceTitle "playchess.com"]
[Source "ChessBase"]
[SourceQuality "1"]

{[%evp 21,116,-15,36,35,38,14,17,0,6,0,22,0,1,0,0,0,4,0,0,0,20,20,66,86,229,243,243,250,239,179,182,186,185,182,195,0,164,0,183,181,170,166,166,166,161,165,154,146,404,398,450,422,949,488,274,61,43,30,59,7,7,7,7,0,0,0,0,0,0,0,7,7,7,0,0,0,0,0,0,0,0,0,0,0,0,-11,-11,-11,0,0,0,0,0,0,0,0,0]} 1. d4 Nf6 2. c4 e6 3. Nc3 d5 4. cxd5 Nxd5 5. Nf3 c5 6. e4 Nxc3 7. bxc3 cxd4 8. cxd4 Bb4+ 9. Bd2 Bxd2+ 10. Qxd2 O-O 11. Be2 Nd7 (11... b6 $11) 12. O-O {D41: Queen's Gambit Declined: Semi-Tarrasch with 5 cxd5} b6 13. Rad1 Bb7 14. Bd3 Rc8 15. Rfe1 Re8 (15... h6 16. h3 Re8 17. Qf4 Qf6 18. Qd6 Qe7 19. Qf4 Qf6 20. Qd6 Qe7 21. Qf4 Qf6 {½-½ (21) Dreev,A (2649)-Lenic,L (2656) chess.com INT 2018}) 16. Bb1 Qc7 17. h3 h6 18. Re3 $146 ({Predecessor:} 18. Nh2 Qc3 19. Qf4 Nf8 20. Re3 Ng6 21. Qg4 Qc7 22. e5 {1-0 (37) Grooten,H (2340)-Horvath,C (2530) Leeuwarden 1995}) 18... Red8 19. Qe2 Nf6 20. Ne5 Nd7 21. Ng4 e5 22. Rg3 Kh8 (22... Kf8 $16) 23. Qf3 $1 $18 exd4 {[#]} 24. Nxh6 $1 {[%mdl 512]} gxh6 25. Qxf7 {[%csl Gg3][%cal Rf7g7]} Ne5 26. Qf6+ {[%mdl 1088] Double Attack. White has strong compensation.} Kh7 {...Rf8 is the strong threat.} 27. Qf5+ $40 {[%mdl 128] Black is in trouble.} Kh8 28. Qf6+ Kh7 29. Qf5+ Kh8 {And now ...Rf8 would win.} 30. f4 Rg8 31. Qf6+ (31. Qxe5+ Qxe5 32. Rxg8+ Kxg8 $14) 31... Kh7 32. Rxg8 Rxg8 33. fxe5 {Threatens to win with e6.} Rg6 34. Qf2 {Strongly threatening e6.} ({Don't play} 34. Qf5 $6 Bc8 $14) 34... Bc8 $2 {[%mdl 8192] [#]} (34... d3 $16) 35. e6 $1 Kg8 36. e5 (36. Rf1 Qg7 $16) 36... Rg7 (36... Rxe6 $142 37. Rxd4 (37. Qxd4 Rxe5 38. Qd3 Bf5 $16) (37. Rf1 Qg7 $18) 37... Re8) 37. Qxd4 {Qd8+ would kill now.} Bxe6 {next ...Rd7 is good for Black.} 38. Qd8+ $2 ({White should try} 38. Qe4 $18) 38... Qxd8 $14 39. Rxd8+ {[%mdl 4096] Endgame KRB-KRB} Kf7 40. Ra8 ({White should play} 40. Kf2 $14) 40... Rxg2+ $1 $11 {[%mdl 64] Decoy. The position is equal.} 41. Kxg2 Bd5+ {[%mdl 64] Double Attack} 42. Kg3 Bxa8 {KB-KB} 43. Kf4 Bd5 44. h4 Be6 45. a3 Ke7 46. Bd3 Kd7 47. Bf5 b5 48. Be4 (48. Bd3 $5 {[%cal Rd3b5]}) 48... a5 {White must now prevent ...b4.} 49. Ke3 b4 50. axb4 axb4 51. Kd4 Kc7 52. Kc5 b3 53. Bd3 Kd7 (53... b2 $5 54. Bb1 $8 Bg4 $11) 54. Kb4 Bd5 55. Bf5+ Ke7 56. Kc3 Be6 57. Bxe6 Kxe6 58. Kxb3 Kd5 {Accuracy: White = 62%, Black = 50%.} 1/2-1/2

[Event "XXXI Torre Memorial 2019"]
[Site "Merida"]
[Date "2019.12.16"]
[Round "6.14"]
[White "Ramirez, Alejandro"]
[Black "Coto Mederos, Michel"]
[Result "1-0"]
[WhiteElo "2589"]
[BlackElo "2352"]
[Annotator "TA"]
[PlyCount "103"]
[EventDate "2019.12.13"]
[EventType "swiss"]
[EventCountry "MEX"]
[SourceTitle "playchess.com"]
[Source "ChessBase"]
[SourceQuality "1"]

{[%evp 9,103,20,30,0,25,16,12,18,55,48,51,46,78,72,79,75,182,177,163,173,200,192,181,111,137,120,119,75,63,77,80,76,195,0,0,0,0,0,15,10,27,0,26,4,40,0,0,0,0,0,38,43,54,0,8,8,19,0,31,38,38,45,72,49,86,95,86,20,76,21,41,33,33,33,33,33,73,75,85,81,95,85,282,284,270,262,458,447,429,428,1218,437,29983,29983,29981,29981]} 1. d4 f5 2. Nf3 Nf6 3. Bf4 e6 4. e3 Be7 5. h3 b6 (5... O-O 6. c4 d6 7. Nc3 Qe8 8. Be2 Nc6 9. Bh2 Bd7 10. a3 Qg6 11. Nh4 Qh6 12. Nf3 Qg6 13. Rg1 Ne4 {1-0 (59) Sjugirov,S (2663)-Amin,B (2710) St Petersburg 2018}) 6. Nbd2 {A80: Dutch Defence: Unusual White second moves} Bb7 7. Bd3 O-O 8. g4 {The position is equal.} Ne4 9. gxf5 exf5 10. Rg1 d5 11. Ne5 Qe8 $146 ({Predecessor:} 11... Nd7 12. Nxe4 dxe4 13. Bc4+ Kh8 14. Nf7+ Rxf7 15. Bxf7 {1-0 (51) Kosic,D (2530)-Stamenkovic,Z (2385) Niksic 1996}) 12. Qe2 c5 (12... Nc6 $16) 13. Nxe4 fxe4 14. Bb5 $1 {[%cal Rb5e8]} ({Stronger than} 14. Qg4 Bf6 $15) 14... Nc6 15. Qg4 {[%csl Gg1][%cal Rg4g7]} Bf6 16. Nd7 (16. Bxc6 $1 $18 Bxc6 17. Bh6) 16... Qe7 17. Nxf8 Rxf8 18. c3 cxd4 19. Bxc6 $1 ({Inferior is} 19. exd4 Nxd4 20. cxd4 Qb4+ 21. Bd2 Qxb2 $17) 19... Bxc6 20. exd4 Bh4 {[#]} (20... Bd7 $16 21. Qh5 Be6) 21. Be3 $2 (21. Bd6 $1 $18 {[%cal Rd6e7][%mdl 512]} Bxf2+ (21... Qxd6 22. Qxg7#) 22. Kd2) 21... Bd7 $11 22. Qh5 Rf5 23. Qe2 Rf3 24. O-O-O Bxh3 25. Rh1 (25. Qb5 $5 {[%cal Rb5d5]} Qd7 26. Qxd7 Bxd7 27. Rg2 $11) 25... h6 26. Rdg1 Qe6 27. Kb1 Kh7 28. a4 Qf5 {[%cal Rh4f2]} 29. Rh2 Qe6 30. Qa6 $36 {[%mdl 2048] White has good play.} Qd7 31. a5 Bd8 32. axb6 Bxb6 33. Rg3 {Threatens to win with Rhxh3.} Rxg3 34. fxg3 Bg4 35. Bf4 Bf3 36. b3 Qe6 37. Kb2 h5 38. Qf1 ({Better is} 38. Be5 $16) 38... Kg8 (38... Bd8 $11) 39. Rd2 ({White should try} 39. Rf2 $16) 39... e3 {Strongly threatening ...e2.} 40. Rd3 e2 41. Qe1 Bg4 42. Re3 Qf6 43. Rxe2 Bxe2 44. Qxe2 Qf5 45. Be5 Kh7 $2 (45... Bd8 $16 {keeps fighting.}) 46. c4 $18 dxc4 47. bxc4 {[%cal Bb3c4,Bc4c5,Bc5c6][%mdl 32]} Kg6 $2 (47... Qf7 48. c5 Bd8 49. Qe4+ g6) 48. c5 Bd8 49. c6 Bf6 (49... a5 $142 50. c7 Bxc7) 50. Qc2 (50. c7 $142) 50... Bxe5 (50... Bd8 $18 51. Qc4 Qf7) 51. dxe5 Kg5 52. Qxf5+ {Accuracy: White = 60%, Black = 38%.} 1-0

[Event "XXXI Torre Memorial 2019"]
[Site "Merida"]
[Date "2019.12.16"]
[Round "6.15"]
[White "Galaviz Medina, Sion Radamantys"]
[Black "Obregon Rivero, Juan Carlos"]
[Result "0-1"]
[WhiteElo "2299"]
[BlackElo "2513"]
[Annotator "TA"]
[PlyCount "96"]
[EventDate "2019.12.13"]
[EventType "swiss"]
[EventCountry "MEX"]
[SourceTitle "playchess.com"]
[Source "ChessBase"]
[SourceQuality "1"]

{[%evp 19,96,38,60,22,47,28,36,34,37,39,49,0,61,35,44,18,25,-7,-15,-23,0,0,-5,-23,-18,-24,-12,-26,-12,-27,-9,-47,-32,-34,-39,-141,-136,-215,-197,-211,-200,-206,-204,-194,-195,-246,-238,-243,-244,-241,-238,-247,-231,-275,-263,-306,-205,-281,-268,-314,-326,-437,-443,-435,-451,-430,-433,-435,-422,-677,-623,-625,-608,-1152,-1104,-4710,-4631,-4606,-2333]} 1. d4 Nf6 2. Nf3 g6 3. g3 Bg7 4. Bg2 c5 5. c4 cxd4 6. Nxd4 O-O 7. O-O Nc6 8. Nc3 Qb6 9. Nc2 d6 10. b3 Be6 11. h3 {A39: Symmetrical English vs ...g6: 4 Bg2 Bg7 5 Nf3 Nf6 6 0-0 0-0 7 d4} (11. Rb1 Rfc8 12. h3 Rab8 13. Bd2 h5 14. e4 Qd8 15. f4 a6 16. a4 Kh7 17. Kh2 Qh8 18. Ne3 Kg8 {½-½ (66) Vazquez Igarza,R (2572)-Suarez Uriel,A (2396) Madrid 2017}) 11... Rfc8 12. Be3 $146 ({Predecessor:} 12. e4 Qa5 13. Bd2 a6 14. Ne3 Qc5 15. Ned5 Bxd5 16. exd5 Ne5 17. a4 Qd4 {1-0 (29) Cacho Reigadas,S (2445)-Agirretxe San Sebastian,J Murcia 1997}) 12... Qa5 13. Bd2 {White is slightly better.} Rab8 14. e4 Qd8 15. Be3 Qa5 (15... Qd7 $11) 16. Ne2 Ne8 17. Ned4 (17. Bd2 {is more complex.} Qd8 18. Bc3 b5 19. cxb5 Rxb5 20. Bxg7 Nxg7 21. Ne3) 17... Nxd4 18. Bxd4 (18. Nxd4 {seems wilder.} Bd7 19. a4 a6 20. Qb1 Nc7 21. Ra2) 18... b5 19. Bxg7 $1 Nxg7 20. cxb5 Rxb5 21. Ne3 Nh5 22. Qe2 Rbc5 23. Rfb1 Qa3 24. Qb2 Qb4 25. Rc1 (25. a3 $5 {[%cal Ra3b4]} Qc3 26. b4 Qxb2 27. Rxb2 $11) 25... Nf6 26. Rxc5 Rxc5 27. Rc1 (27. Rb1 $15) 27... Nxe4 $17 28. Nc2 (28. Rxc5 $17 Nxc5 29. Kh2) 28... Qc3 $19 29. Qxc3 Nxc3 30. Nd4 Bd7 {[#] ...e5 is the strong threat.} 31. Rc2 e5 32. Ne2 (32. b4 $142 Rc4 33. Nb3) 32... Nxe2+ 33. Rxe2 {[%mdl 4096] Endgame KRB-KRB} Rc1+ 34. Kh2 Kf8 35. g4 h6 36. Rb2 Ke7 37. b4 Ba4 38. Be4 Ke6 39. b5 f5 40. gxf5+ gxf5 {Black is clearly winning.} 41. Rb4 Bxb5 (41... fxe4 $2 42. Rxa4 d5 43. Rxa7 $19) 42. Bxf5+ Kxf5 43. Rxb5 {KR-KR} Rc2 44. Ra5 (44. Kg3 $142 Rxa2 45. Rb7) 44... Rxf2+ 45. Kg3 Rc2 46. Rxa7 d5 47. a4 d4 48. a5 Ke4 {Accuracy: White = 29%, Black = 67%.} 0-1

[Event "XXXI Torre Memorial 2019"]
[Site "Merida"]
[Date "2019.12.16"]
[Round "6.17"]
[White "Cu Hor, Winston Darwin"]
[Black "Vera Gonzalez-Quevedo, Reynaldo"]
[Result "0-1"]
[WhiteElo "2307"]
[BlackElo "2436"]
[Annotator "TA"]
[PlyCount "54"]
[EventDate "2019.12.13"]
[EventType "swiss"]
[EventCountry "MEX"]
[SourceTitle "playchess.com"]
[Source "ChessBase"]
[SourceQuality "1"]

{[%evp 14,54,11,14,26,0,0,0,0,-5,0,0,64,-84,-71,-163,-152,-159,-161,-156,-149,-188,-150,-296,-243,-450,-440,-454,-455,-473,-463,-461,-438,-935,-916,-964,-929,-1080,-1076,-1040,-1031,-980,-960]} 1. Nf3 d5 2. c4 c6 3. b3 Bg4 4. Bb2 Nd7 5. g3 Ngf6 6. Bg2 e6 7. O-O Bd6 8. d4 h5 {D11: Slav Defence: 3 Nf3 sidelines and 3...Nf6 4 e3 Bg4} (8... O-O 9. Ne5 Bf5 10. Nd2 h6 11. Re1 Re8 12. h3 Bh7 13. e3 Qc7 14. f4 Rad8 15. c5 Bxe5 16. fxe5 Ne4 17. Nxe4 dxe4 18. Qe2 {1-0 (50) Anton Guijarro,D (2666)-Jumabayev,R (2612) Riadh 2017}) 9. Nbd2 h4 $146 ({Predecessor:} 9... Ne4 10. Ne5 Ndf6 11. f3 Nxd2 12. Qxd2 Bf5 13. Rae1 dxc4 14. Nxc4 Bc7 15. e4 Bg6 16. f4 {0-1 (44) Werner,G (2069)-Nicholson,J (1945) Port Erin 2006}) 10. Nxh4 Rxh4 {The position is equal.} 11. gxh4 {Strongly threatening Qe1.} Nh5 $1 12. Qe1 $1 {f3 is the strong threat.} Qf6 (12... Qxh4 $11 13. f4 Qxe1 14. Raxe1 Nxf4) 13. f4 (13. e3 $1 $14 Nf4 14. f3 Nxg2 15. Kxg2) 13... Nxf4 $17 14. e3 (14. h3 $17 Bf5 15. cxd5 Nxg2 16. Kxg2) 14... Nxg2 $19 15. Kxg2 Qg6 $40 {[%mdl 128] Black is out for blood.} 16. Kh1 {[#]} Nf6 $1 {[%mdl 1024] Black has strong compensation.} ({And not} 16... Bh3 17. Rg1 $11) 17. Qf2 O-O-O 18. c5 (18. cxd5 $17 exd5 19. a4) 18... Bc7 19. Rg1 $2 (19. Qg2 {is a better defense.} Rh8 20. Nf3) 19... Qc2 {Black is clearly winning.} 20. Ba3 {[#]} Ne4 $1 {[%mdl 512]} 21. Nxe4 Qxe4+ ({Weaker is} 21... Bf3+ 22. Rg2 $19) 22. Rg2 Bh3 {[%mdl 64] Threatens to win with ...Rh8. Pin} 23. Rf1 (23. Bb4 $142 Rh8 24. Be1) 23... Rh8 24. Qf3 Qxh4 25. Rff2 Bxg2+ 26. Qxg2 {[#]} Bxh2 $1 {[%mdl 576] Deflection} 27. Qxh2 Qe4+ {[%mdl 64] Double Attack. Accuracy: White = 21%, Black = 82%.} 0-1

[Event "XXXI Torre Memorial 2019"]
[Site "Merida"]
[Date "2019.12.16"]
[Round "6.18"]
[White "Vitier Vazquez, Cristian"]
[Black "Morales Romero, Pedro"]
[Result "1/2-1/2"]
[WhiteElo "2405"]
[BlackElo "2328"]
[Annotator "TA"]
[PlyCount "55"]
[EventDate "2019.12.13"]
[EventType "swiss"]
[EventCountry "MEX"]
[SourceTitle "playchess.com"]
[Source "ChessBase"]
[SourceQuality "1"]

{[%evp 9,55,27,87,36,40,25,36,57,50,33,32,27,65,55,64,56,80,90,104,102,108,99,112,97,101,36,20,0,0,0,0,0,0,0,0,-70,-57,-68,-66,-61,-25,-25,-25,-36,-6,-6,57,50]} 1. d4 d5 2. c4 c6 3. Nc3 dxc4 4. e4 b5 5. a4 e5 (5... b4 $11 6. Nce2 Nf6) 6. Nf3 {D10: Slav Defence: 3 cxd5 (without early Nf3) and 3 Nc3} ({Much worse is} 6. dxe5 $6 Qxd1+ 7. Nxd1 Na6 $11) ({White should play} 6. axb5 $16 exd4 7. Bxc4) 6... exd4 $14 7. Qxd4 Qxd4 8. Nxd4 b4 9. Nd1 {[%cal Bc3d1,Bd1e3,Be3c4][%mdl 32]} Nf6 (9... Ba6 10. Be3 Nf6 11. f3 Nfd7 12. Rc1 Ne5 13. f4 Nd3+ 14. Bxd3 cxd3 15. Nxc6 Nxc6 16. Rxc6 {½-½ (31) Jones,G (2645)-Lalic,B (2510) Kilkenny 2013}) 10. f3 c3 $146 ({Predecessor:} 10... Ba6 11. Be3 Nfd7 12. Rc1 c5 13. Nb5 Bxb5 14. axb5 Nb6 15. Bf4 {0-1 (60) Ju,W (2519)-Shen,Y (2443) Jiangsu Wuxi 2011}) 11. bxc3 a5 12. Bf4 Bd7 13. Ne3 Nh5 {[#]} 14. Be5 $1 Bc5 15. Nc4 O-O 16. Nb3 Be7 17. Be2 (17. g3 $16) 17... Be6 $1 {Black wants to play ...Nd7.} 18. Nbxa5 Nd7 $1 {...Rxa5! is the strong threat.} 19. Nxc6 Bh4+ $1 20. g3 Rfc8 21. gxh4 {[#] Threatens to win with Ne7+.} Rxc6 22. f4 (22. cxb4 $11 Bxc4 23. b5) 22... Bxc4 23. Bxh5 Nxe5 24. fxe5 bxc3 25. Kf2 c2 26. Rhc1 Bb3 {[%mdl 1024] Black has compensation.} 27. a5 g6 (27... Rca6 $11) 28. Be2 {Accuracy: White = 71%, Black = 65%.} 1/2-1/2

[Event "XXXI Torre Memorial 2019"]
[Site "Merida"]
[Date "2019.12.17"]
[Round "7.1"]
[White "Santiago, Yago De Moura"]
[Black "Cordova, Emilio"]
[Result "1/2-1/2"]
[WhiteElo "2479"]
[BlackElo "2585"]
[Annotator "ChessBase"]
[PlyCount "50"]
[EventDate "2019.12.13"]
[EventType "swiss"]
[EventCountry "MEX"]
[SourceTitle "playchess.com"]
[Source "ChessBase"]
[SourceQuality "1"]
[TimeControl "5400+30"]

1. d4 Nf6 2. c4 e6 3. Nf3 b6 4. a3 Ba6 5. Qc2 Bb7 6. Nc3 c5 7. dxc5 Bxc5 8. Bf4 O-O 9. Rd1 a5 {[%emt 0:31:05]} 10. e3 {[%emt 0:23:36]} Na6 {[%emt 0:00:24]} 11. Bd3 {[%emt 0:07:12]} Be7 {[%emt 0:10:49]} 12. Ng5 {[%emt 0:04:56]} h6 {[%emt 0:06:24]} 13. Nh7 {[%emt 0:15:35]} Nxh7 {[%emt 0:00:33]} 14. Bxh7+ {[%emt 0:00:07]} Kh8 {[%emt 0:00:02]} 15. Be4 {[%emt 0:00:41]} Qc8 {[%emt 0:00:27]} 16. Bxb7 {[%emt 0:02:55]} Qxb7 {[%emt 0:00:04]} 17. Qe4 {[%emt 0:00:10]} Qc6 {[%emt 0:01:01]} 18. O-O {[%emt 0:00:55]} Nc5 {[%emt 0:01:02]} 19. Qxc6 {[%emt 0:00:21]} dxc6 {[%emt 0:00:04]} 20. Bd6 {[%emt 0:01:52]} Bxd6 {[%emt 0:01:17]} 21. Rxd6 {[%emt 0:00:08]} Rfc8 {[%emt 0:00:09]} 22. Rfd1 {[%emt 0:00:20]} a4 {[%emt 0:00:15]} 23. Kf1 {[%emt 0:00:14]} Kg8 {[%emt 0:00:07]} 24. Ke2 {[%emt 0:00:15]} Kf8 {[%emt 0:00:09]} 25. h3 {[%emt 0:00:10]} Rab8 {[%emt 0:00:09]} 1/2-1/2

[Event "XXXI Torre Memorial 2019"]
[Site "Merida"]
[Date "2019.12.17"]
[Round "7.2"]
[White "Albornoz Cabrera, Carlos Daniel"]
[Black "Miranda Mesa, Elier"]
[Result "1/2-1/2"]
[WhiteElo "2555"]
[BlackElo "2477"]
[Annotator "ChessBase"]
[PlyCount "51"]
[EventDate "2019.12.13"]
[EventType "swiss"]
[EventCountry "MEX"]
[SourceTitle "playchess.com"]
[Source "ChessBase"]
[SourceQuality "1"]
[TimeControl "5400+30"]

1. e4 c6 2. d4 d5 3. e5 Bf5 4. Nf3 e6 5. Be2 Ne7 6. O-O Ng6 7. c3 f6 8. Bd3 Bxd3 9. Qxd3 f5 {[%emt 0:48:01]} 10. Ng5 {[%emt 0:10:07]} Qd7 {[%emt 0:00:30]} 11. Qg3 {[%emt 0:04:31]} Ne7 {[%emt 0:04:01]} 12. h4 {[%emt 0:01:28]} Na6 {[%emt 0:01:01]} 13. b3 {[%emt 0:03:47]} h6 {[%emt 0:02:03]} 14. Nh3 {[%emt 0:00:27]} Rg8 {[%emt 0:01:14]} 15. Nd2 {[%emt 0:04:57]} O-O-O {[%emt 0:04:01]} 16. Nf3 {[%emt 0:06:14]} Kb8 {[%emt 0:00:57]} 17. Nf4 g6 {[%emt 0:00:42]} 18. Nd3 {[%emt 0:10:57]} Nc8 {[%emt 0:02:02]} 19. a4 Nc7 {[%emt 0:01:12]} 20. Nh2 {[%emt 0:07:46]} Na6 {[%emt 0:07:44]} 21. Be3 {[%emt 0:02:35]} Qe8 {[%emt 0:02:36]} 22. f4 {[%emt 0:02:09]} Nb6 {[%emt 0:00:47]} 23. Nf3 {[%emt 0:01:03]} Rc8 24. Qf2 {[%emt 0:00:59]} Be7 {[%emt 0:01:14]} 25. Rfc1 {[%emt 0:03:46]} Nd7 26. c4 1/2-1/2